00728nam a2200169 a 450000100100000000500170001000800410002704000250006810000360009324501160012924600470024526000610029230000360035370000470038995201050043699900170054100004337020201002040844.0140311s1990 dr c 000 0 spa d aDO-SdBNPbspacBNPHU1 aPinochet Ugarte, Augusto97103110aCamino Recorrido :bbiografía de un soldado /cAugusto Pinochet Ugarte ; prólogo Rafael Valdivieso Ariztia.14aCamino Recorrido :bmemorias de un soldado aChile :bInstituto Geográfico Militar de Chile,c1990. a304 p. :bil., retrs. ;c26 cm.1 aValdivieso Ariztia, Rafaelvpról.971032 0010718PDaGRbGRcCTd2014-03-11iLF1l0o p43370-10r2020-06-25w2020-06-25yLFPDZNo se presta c42859d42859